15 pays avec l’IDH le plus bas - Statistiques

Statistiques générales
  • Ce quiz a été pris 41 fois
  • Le résultat moyen est 10 sur 15
Statistiques - réponses
Hint Réponse % Correct
14 Republique democratique du congo
93%
1 Niger
83%
4 Soudan du sud
83%
6 Mali
80%
3 Tchad
78%
11 Guinée
73%
10 Erythrée
68%
15 Gambie
68%
2 Republique centrafricaine
63%
5 Burundi
60%
13 Madagascar
58%
8 Sierra leone
55%
12 Liberia
53%
9 Mozambique
50%
7 Burkina fasso
43%
Aucun quiz correspondant
Distribution des résultats
% des personnes avec chaque résultat
Percentile par nombre de réponses
Votre historique - résultats
Vous n’avez pas pris ce quiz